000 01854nam a2200361 c 4500
999 _c134291
_d134291
003 BLK
005 20201014144144.0
008 180409b bul|||||r ||||||| ||bul||
010 _aKNG00140199000
040 _aBLK
041 _aBUL
_cBUL
080 _aОсновни форми на възпитание и образование
_b37.018
_z37.018
080 _aОрганизация на възпитанието и образованието. Училищно дело.
_b37.09
_z37.09
100 1 _aЛютге, Ернст
_eпърви автор
_990359
139 _aЛютге, Ернст
_bЛ 96
245 1 0 _aСъвременните идеали на образованието и значението им за възпитанието и обучението
_bПринос за оценка соц.-пед. реформни стремежи
_cЕрнст Лютге; прев. от нем. Петър Минев.
257 _aDEU
260 _bкниж. Е. П. Христов
_c1902
_fВарна : скоропеч. Зора на П. Н. Икономов
300 _a112 с.
_c19 см
380 _a3
490 1 _aДомашна библиотека
_vКн. 5
490 _aКолекция Редки и ценни издания
_9435080
501 _aЕкз. с инв. № 767381 е подв. към Из Царството на лъжите / Макс Нордау със сигн. Рб 899 и инв. № 13313-а.
650 4 _aВъзпитание - основни форми
_9288215
650 4 _aОбразование - основни форми
_9299857
653 _aвъзпитание
653 _aобразование
700 1 _aМинев, Петър
_eпрев. от нем.
_9324339
852 _aРб 899
_bРц
856 4 _qpdf
856 4 _qpdf
942 _cKNG
_n0
_s1
944 _aCR
_c01.03.2013
_lф / 01.03.2013
_kЛюдмила_Стоянова
944 _aED
_c21.10.2013
_lф / 01.03.2013
999 _d134291
999 _d134291
999 _d134291